[Event "SVK-chT 9798"]
[Site "SVK"]
[Date "1998.??.??"]
[Round "11"]
[White "Vavrak, Peter"]
[Black "Mrva, Martin"]
[Result "0-1"]
[WhiteElo "2210"]
[BlackElo "2415"]

1.d4 Nf6 2.Nf3 g6 3.g3 Bg7 4.Bg2 O-O 5.c4 d6 6.O-O Bg4 7.h3 Bxf3 8.Bxf3 Nc6
9.Bg2 Nd7 10.e3 e5 11.d5 Ne7 12.Nc3 f5 13.Bd2 a5 14.a3 e4 15.Qc2 c6 16.f3 Be5
17.Kh2 h5 18.fxe4 h4 19.Ne2 hxg3+ 20.Nxg3 cxd5 21.exd5 Rc8 22.Rac1 Nf6 23.Qd3 b5
24.b3 bxc4 25.bxc4 Rb8 26.Rb1 Nh5 27.Be1 Rxb1 28.Qxb1 Qc7 29.Qc1 Rc8 30.Bf3 Nf6
31.Kh1 Qxc4 32.Qxc4 Rxc4 33.Ne2 Ra4 34.Bd2 Rxa3 35.Rb1 a4 36.Bb4 Rxe3 37.Kg2 Nexd5  0-1

[Event "Tampere ELO Taraus"]
[Site "Tampere"]
[Date "1998.??.??"]
[Round "8"]
[White "Kekki, Jorma"]
[Black "Vorobjov, Pavel"]
[Result "1/2-1/2"]
[WhiteElo "2210"]
[BlackElo "2110"]

1.d4 g6 2.Nf3 Bg7 3.g3 Nf6 4.Bg2 O-O 5.c4 d6 6.O-O Nbd7 7.b3 e5 8.e3 Re8
9.Bb2 e4 10.Nfd2 Nf8 11.Nc3 Bf5 12.f3 exf3 13.Qxf3 Bh6  1/2-1/2

[Event "ROM-chT"]
[Site "Timisu de Sus"]
[Date "1998.??.??"]
[Round "3"]
[White "Maric, Alisa"]
[Black "Kovalevskaya, Ekaterina"]
[Result "1/2-1/2"]
[WhiteElo "2480"]
[BlackElo "2480"]

1.d4 Nf6 2.Nf3 g6 3.c4 Bg7 4.g3 O-O 5.Bg2 d6 6.O-O Nbd7 7.Nc3 e5 8.e4 exd4
9.Nxd4 Re8 10.Re1 Nc5 11.h3 a5 12.b3 h6 13.Rb1 Nh7 14.Kh2 c6  1/2-1/2

[Event "RUS-Cup07"]
[Site "Tomsk"]
[Date "1998.??.??"]
[Round "8"]
[White "Bocharov, Dmitry"]
[Black "Yurtaev, Leonid"]
[Result "1/2-1/2"]
[WhiteElo "2245"]
[BlackElo "2540"]

1.d4 Nf6 2.Nf3 g6 3.c4 Bg7 4.g3 O-O 5.Bg2 d6 6.Nc3 Nc6 7.d5 Na5 8.Nd2 c5
9.O-O a6 10.Qc2 Rb8 11.b3 b5 12.Bb2 bxc4 13.bxc4 Rb4 14.a3 Rxc4 15.Nxc4 Nxc4
16.Rab1 Bf5 17.e4 Bd7 18.Nd1 Nxb2 19.Nxb2 Qc7 20.Nc4 Ng4 21.a4 Bd4 22.Nb6 Bb5
23.axb5 Qxb6 24.Qe2 Nxf2 25.Rxf2 c4 26.Kf1 axb5 27.Rf3 Qc5 28.Qd2 c3 29.Qc2 Ra8
30.Ke1 b4 31.Bf1 Ra3 32.Bd3 Be3 33.Kf1 Bd2 34.Kg2 Qd4 35.Rb3 Ra8 36.Qb1 Ra4
37.Qc2 Qa7 38.Rf2 Be3 39.Re2 Qd4 40.Rb1 Ra3 41.Rxb4 Qxb4 42.Rxe3 Qd4 43.Rf3 Qe5
44.Qf2 f6 45.h4 Kg7 46.Qe3 Ra2+ 47.Rf2 Rb2 48.Bc2 h5 49.Qd3 Ra2 50.Rf3 Ra3
51.Qc4 Kf7 52.Qb4 Ra1 53.Rxc3 g5 54.Qb2 Ra2 55.Qxa2 Qxc3 56.Bd1 gxh4 57.Bxh5+ Kf8
58.gxh4 Qe1 59.Qe2 Qxh4 60.Bg4 Qg5 61.Kf3 Qc1 62.Be6 Qa1 63.Qg2 Qc3+ 64.Kg4 f5+
65.Kxf5 Qe5+ 66.Kg4 Qg7+ 67.Kh3 Qh8+ 68.Kg3 Qe5+ 69.Kf3 Qc3+ 70.Kf2 Qd4+
71.Kg3 Qe5+ 72.Kf3 Qc3+ 73.Ke2 Qc2+ 74.Kf1 Qd1+ 75.Kf2 Qd4+ 76.Kg3 Qe5+ 77.Kh4 Qh8+
78.Kg3  1/2-1/2

[Event "RUS-ch sf"]
[Site "Tula"]
[Date "1998.??.??"]
[Round "4"]
[White "Mitrofanov, Alexander"]
[Black "Shvedov, Sergey"]
[Result "1/2-1/2"]
[WhiteElo "2235"]
[BlackElo "2345"]

1.d4 Nf6 2.c4 g6 3.Nf3 Bg7 4.g3 O-O 5.Bg2 d6 6.O-O Nc6 7.Nc3 Na5 8.b3 c5
9.Bb2 cxd4 10.Nxd4 Bd7 11.Qd2 Nc6 12.e3 Re8 13.Nde2 Qa5 14.Rfd1 Rab8 15.Nf4 Ne5
16.Ncd5 Qxd2 17.Rxd2 Nxd5 18.Nxd5 Bc6 19.f4 Nd7 20.Bxg7 Kxg7 21.e4 a5 22.Rad1 Nc5
23.Re1 Bxd5 24.Rxd5 b6 25.Red1 Rec8 26.Rb1 Rc7 27.e5 dxe5 28.fxe5 e6 29.Rd6 Kf8
30.b4 axb4 31.Rxb4 Nd7 32.a4 Ke7 33.Rd1 Rc5 34.Ra1 Rxe5 35.Bc6 Ra5 36.Rab1 Ne5
37.Bb5 Ra7 38.R4b3 Kd6 39.Rd1+ Kc5 40.Re3 Nc6 41.Red3 Rc7 42.Kg2 Rbb7 43.h4 Ne5
44.Rd4 h5 45.Re4 Ng4 46.Kf3 Re7 47.Rd2 Rbc7 48.Rd1 Rc8 49.Rd2 Rcc7 50.Rd1 Rc8
51.Rd2 Rb8 52.Rd1 Rbb7 53.Rd2 Rec7 54.Rd1 Rb8 55.Rd2 Ra8 56.Rd1 Rg8 57.Rd2 g5
58.Rd1 Rg6 59.Ke2 gxh4 60.gxh4 Rf6 61.Ke1 Rf5 62.Rd8 Nf6 63.Red4 Re5+ 64.Kf1 Ng4
65.Kg1 Nh6 66.Rd3 Nf5 67.R8d7 Rxd7 68.Rxd7 Nd6 69.Rc7+ Kb4 70.Ba6 Ra5 71.Bb5 Nxb5
72.axb5 Ra1+ 73.Kg2 Rc1 74.Rc6 Rxc4 75.Rxb6 Rxh4 76.Rb7 Rg4+ 77.Kf3 Rg5 78.b6 Ka5
79.Rxf7 Kxb6 80.Kf4  1/2-1/2

[Event "POL-chT2"]
[Site "Wisla"]
[Date "1998.??.??"]
[Round "?"]
[White "Jaworski, Miroslaw"]
[Black "Panas, Pawel"]
[Result "1-0"]
[WhiteElo "2415"]
[BlackElo "2175"]

1.d4 Nf6 2.c4 g6 3.Nf3 Bg7 4.g3 O-O 5.Bg2 d6 6.O-O Nbd7 7.Nc3 e5 8.e4 exd4
9.Nxd4 Re8 10.h3 a6 11.Re1 Rb8 12.a4 Ne5 13.b3 Bd7 14.Be3 Qc8 15.Kh2 h5 16.f4 Nc6
17.Rc1 h4 18.Nde2 Qd8 19.Qd2 Bh6 20.g4 Bxg4 21.hxg4 Nxg4+ 22.Kh1 h3 23.Bf3 Nce5
24.Bxg4 Nxg4 25.Rg1 Qh4 26.Rcf1 c6 27.Rf3 Bg7 28.f5 Rbd8 29.Rf4  1-0

[Event "POL-chT2"]
[Site "Wisla"]
[Date "1998.??.??"]
[Round "?"]
[White "Goj, Artur"]
[Black "Flis, Jacek"]
[Result "1/2-1/2"]
[WhiteElo "2350"]
[BlackElo "2310"]

1.d4 Nf6 2.c4 d6 3.Nf3 g6 4.g3 Bg7 5.Bg2 O-O 6.Nc3 c6 7.O-O Qa5 8.e4 Bg4
9.h3 Bxf3 10.Bxf3 Nbd7 11.Rb1 a6 12.Bd2  1/2-1/2

[Event "POL-chT2"]
[Site "Wisla"]
[Date "1998.??.??"]
[Round "?"]
[White "Kowzan, Piotr"]
[Black "Bitman, Marek"]
[Result "1-0"]
[WhiteElo "2030"]
[BlackElo "2070"]

1.d4 Nf6 2.c4 g6 3.g3 Bg7 4.Bg2 d6 5.Nf3 O-O 6.O-O Bf5 7.Nc3 Ne4 8.Nh4 Nxc3
9.bxc3 Bc8 10.f4 f5 11.e4 e6 12.Ba3 Re8 13.c5 dxc5 14.Bxc5 Nd7 15.Ba3 Nb6
16.Qb3 Kh8 17.exf5 exf5 18.Rae1 c6 19.Nf3 Bf6 20.Qf7 Bd7 21.Rxe8+  1-0

[Event "POL-chT2"]
[Site "Wisla"]
[Date "1998.??.??"]
[Round "?"]
[White "Orzech, Dominik"]
[Black "Sutor, Marek"]
[Result "0-1"]
[WhiteElo "2135"]
[BlackElo "2195"]

1.d4 Nf6 2.c4 g6 3.Nf3 Bg7 4.g3 O-O 5.Bg2 d6 6.O-O Nbd7 7.Nc3 e5 8.e4 exd4
9.Nxd4 Nc5 10.h3 Re8 11.Re1 a5 12.Qc2 c6 13.Be3 a4 14.Rad1 Qa5 15.f4 Nfd7
16.Bf2 Nb6 17.Bf1 Be6 18.Nxe6 Rxe6 19.f5 Ree8 20.Bd4 Be5 21.Bxe5 dxe5 22.h4 Ncd7
23.Qd2 Qc5+ 24.Qf2 Red8 25.Rd2 Qxf2+ 26.Kxf2 Nc5 27.Red1 Rxd2+ 28.Rxd2 h5
29.Ke1 Kf8 30.Kd1 Ke7 31.Kc2 Rg8 32.Rf2 Rd8 33.b4 axb3+ 34.axb3 Rd4 35.Re2 Nd3
36.Na2 c5 37.Nc3 Nb4+ 38.Kb2 Nc8 39.fxg6 fxg6 40.Nd5+ Nxd5 41.exd5 e4 42.b4 b6
43.bxc5 bxc5 44.Kb3 Nd6 45.Ra2 e3 46.Ra1 Ne4 47.Re1 Kd6 48.Rxe3 Nd2+ 49.Kc3 Nxf1
50.Re6+ Kd7 51.Rxg6 Nd2 52.g4 Ne4+ 53.Kb2 Nd6 54.gxh5 Rxh4 55.h6 Nxc4+ 56.Kc3 Ne5
57.Re6 Rh3+ 58.Kc2 Nf3 59.Re3 Nd4+ 60.Kd3 Rxe3+ 61.Kxe3 Nf5+ 62.Kf4 Nxh6
63.Ke5 Nf7+  0-1

[Event "EUCup final (Women)"]
[Site "Wuppertal"]
[Date "1998.??.??"]
[Round "1"]
[White "Litinskaya, Marta I"]
[Black "Grosar, Kiti"]
[Result "1/2-1/2"]
[WhiteElo "2340"]
[BlackElo "2225"]

1.d4 Nf6 2.c4 g6 3.Nf3 Bg7 4.g3 O-O 5.Bg2 d6 6.O-O Nc6 7.Nc3 a6 8.b3 Bd7
9.Bb2 Rb8 10.a4 Qc8 11.Re1 Re8 12.d5 Na5 13.Nd2 c5 14.Qc2 Qc7 15.e4 e5 16.dxe6 fxe6
17.e5 dxe5 18.Nb5 axb5 19.Bxe5 Qb6 20.axb5 Ra8 21.Qb2 Rf8 22.f4 Ne8 23.Nf3 Nf6
24.Red1 Bxb5 25.cxb5 c4+ 26.Kh1 cxb3 27.Bf1 Qe3 28.Rd3 Qe4 29.Re1 Qa4 30.Rd4 Qa2
31.Re2 Qxb2 32.Rxb2 Rfc8 33.Bh3 Rc1+ 34.Kg2 Rc2+ 35.Rd2 Rxb2 36.Bxe6+ Kh8
37.Rxb2 Ne4 38.Bxg7+ Kxg7 39.Nd2 Nc5 40.Bxb3 Naxb3 41.Nxb3 Nxb3 42.Rxb3 Ra2+
43.Kh3 Kf6 44.g4 h5 45.gxh5 gxh5 46.Rc3 Kf5 47.Kg3 h4+ 48.Kf3 b6 49.Re3 Rxh2
50.Re5+ Kf6 51.Kg4 Rf2 52.Rh5 Rg2+ 53.Kh3 Rb2 54.Rd5 Rb4 55.Kg4 h3 56.Rd6+ Kg7
57.Rd7+ Kg6 58.Rd6+ Kg7 59.Kxh3 Rxf4 60.Rxb6 Rb4 61.Kg3 Kf7 62.Kf3 Ke7  1/2-1/2

[Event "Zadar op"]
[Site "Zadar"]
[Date "1998.??.??"]
[Round "2"]
[White "Vaulin, Alexander"]
[Black "Rezan, Sasa"]
[Result "1-0"]
[WhiteElo "2535"]
[BlackElo "2265"]

1.Nf3 Nf6 2.d4 g6 3.c4 Bg7 4.g3 O-O 5.Bg2 d6 6.O-O c5 7.d5 Na6 8.Nc3 Nc7
9.e4 Rb8 10.a4 b6 11.Re1 a6 12.Bf1 e5 13.dxe6 Nxe6 14.h3 Re8 15.Be3 Bb7 16.Qd3 Nd7
17.Red1 Ne5 18.Nxe5 dxe5 19.Qxd8 Rexd8 20.Rxd8+ Rxd8 21.a5 bxa5 22.Rxa5 f5
23.Nd5 fxe4 24.Bg2 Bxd5 25.cxd5 Nc7 26.Bxe4 Bf8 27.Bxc5 Nxd5 28.Bxf8 Nf6
29.Bg2 Kxf8 30.Rxa6 Kf7  1-0

[Event "Zadar op"]
[Site "Zadar"]
[Date "1998.??.??"]
[Round "3"]
[White "Jankovic, Alojzije"]
[Black "Delchev, Aleksander"]
[Result "0-1"]
[WhiteElo "2185"]
[BlackElo "2545"]

1.d4 d6 2.Nf3 g6 3.c4 Nf6 4.g3 Bg7 5.Bg2 O-O 6.O-O Nbd7 7.Nc3 e5 8.e4 exd4
9.Nxd4 Re8 10.Re1 Nc5 11.h3 a5 12.Qc2 Bd7 13.Be3 Qc8 14.Kh2 Re5 15.f3 Rh5
16.h4 h6 17.Kg1 Re5 18.Qd2 Kh7 19.Nde2 Re8 20.Nf4 Be6 21.Bf1 Nfd7 22.Ncd5 Ne5
23.Be2 Bd7 24.Kg2 a4 25.Rab1 Qd8 26.Bd4 c6 27.Nc3 Qa5 28.Bf2 Red8 29.Red1 Qb4
30.Rbc1 Nxc4 31.Bxc4 Qxc4 32.Kh2 Be5 33.Rc2 Qb4 34.Bxc5 Qxc5 35.Nd3 Qa5 36.Nxe5 dxe5
37.Qe3 Be6 38.Rcd2 Rxd2+ 39.Rxd2 a3 40.b3 Rd8 41.Rxd8 Qxd8 42.Nb1 b5 43.Kg2 Qd1
44.Nxa3 b4 45.Nc4 Bxc4 46.bxc4 Qc2+ 47.Qf2 Qxc4 48.Qb2 Qc3 49.Qb3 Qxb3 50.axb3 c5
51.Kf2 c4  0-1

[Event "Ardid mem 10th op"]
[Site "Zaragoza"]
[Date "1998.??.??"]
[Round "2"]
[White "Romanishin, Oleg M"]
[Black "Carruez Berges, Fernando"]
[Result "1-0"]
[WhiteElo "2570"]
[BlackElo "2125"]

1.d4 Nf6 2.Nf3 g6 3.g3 Bg7 4.Bg2 O-O 5.c4 d6 6.O-O Nbd7 7.d5 Nc5 8.Be3 Ng4
9.Bd4 e5 10.dxe6 Nxe6 11.Bxg7 Kxg7 12.Nc3 Ne5 13.b3 Nxf3+ 14.Bxf3 Ng5 15.Bg2 Bh3
16.f4 Bxg2 17.Kxg2 Ne6 18.f5 Nc5 19.f6+ Kh8 20.Qd2 Qe8 21.Rf3 Qe5 22.Raf1 Rae8
23.Qh6 Rg8 24.g4 Ne4 25.Nd5 Qg5 26.Qxg5 Nxg5 27.R3f2 Ne4 28.Nxc7 Nxf2 29.Nxe8 Nxg4
30.Nxd6 Ne5 31.Rf4 Rd8 32.Nxb7 Rb8 33.Nd6 g5 34.Rf5 Ng6 35.Nxf7+ Kg8 36.Nh6+ Kf8
37.Rxg5  1-0

[Event "Trinec op"]
[Site "Trinec"]
[Date "1999.01.03"]
[Round "9"]
[White "Jirka, Jiri"]
[Black "Pokrupa, Marek"]
[Result "1-0"]
[WhiteElo "2195"]
[BlackElo "2080"]

1.d4 Nf6 2.g3 g6 3.Bg2 Bg7 4.c4 d6 5.Nf3 O-O 6.Nc3 Nbd7 7.O-O e5 8.e4 Re8
9.h3 c6 10.Be3 exd4 11.Nxd4 Nc5 12.Qc2 Qe7 13.Rfe1 a5 14.Rad1 Nfd7 15.b3 h5
16.Qd2 Ne5 17.Bh6 Bf6 18.Qc2 Kh7 19.Be3 Bg7 20.f4 Ned7 21.Bf2 Qf6 22.Nde2 Qe7
23.Qd2 Nf6 24.Bxc5 dxc5 25.e5 Ng8 26.Ne4 a4 27.N2c3 axb3 28.axb3 f6 29.exf6 Nxf6
30.Ng5+  1-0

[Event "Bad Zwesten op"]
[Site "Bad Zwesten"]
[Date "1999.01.06"]
[Round "9"]
[White "Hoffmann, Ulrich"]
[Black "Duncker, Joachim"]
[Result "1/2-1/2"]
[WhiteElo "2035"]
[BlackElo "2265"]

1.Nf3 g6 2.d4 Bg7 3.c4 Nf6 4.g3 O-O 5.Bg2 d6 6.O-O c6 7.Nc3 Nbd7 8.h3 e5
9.e4 Qb6 10.Re1 exd4 11.Nxd4 Re8 12.Na4 Qa6 13.b3 Nb6 14.Nc3 Qa5 15.Bd2 Qe5  1/2-1/2

[Event "Hastings weekender"]
[Site "Hastings"]
[Date "1999.01.08"]
[Round "3"]
[White "Allahverdiev, Elchin"]
[Black "Hebden, Mark"]
[Result "0-1"]
[WhiteElo "2235"]
[BlackElo "2590"]

1.d4 Nf6 2.c4 g6 3.Nf3 Bg7 4.g3 O-O 5.Bg2 d6 6.O-O Nc6 7.d5 Na5 8.Nfd2 c6
9.Na3 c5 10.Rb1 e5 11.e4 Rb8 12.Qe2 Nh5 13.Bf3 Bh3 14.Bg2 Bd7 15.b3 a6 16.Bb2 b5
17.Bf3 Nf6 18.Rfe1 Bh6 19.Ba1 b4 20.Nc2 Ne8 21.Nf1 f5 22.exf5 gxf5 23.Nce3 Nb7
24.Bg2 Qg5 25.Nd2 f4 26.Ne4 fxe3 27.Nxg5 exf2+ 28.Kh1 fxe1=Q+ 29.Rxe1 Bxg5
30.Bxe5 Nf6 31.Bxf6 Bxf6 32.Qh5 Rf7 33.Bh3 Bxh3 34.Qxh3 Be5 35.Qg4+ Kf8 36.Kg2 Re8
37.Re2 a5 38.Qh5 Nd8 39.Qh6+ Kg8 40.Re4 Rg7 41.Qh3 Nf7 42.Qd7 Rf8 43.Qb5 Ng5
44.Re2 Rgf7 45.Qxa5 Bd4 46.g4 Rf1 47.h4 Rg1+ 48.Kh2 Nf3+ 49.Kh3 Rh1+ 50.Kg3 Ne5
51.Rxe5 Bxe5+ 52.Kg2 Rhf1 53.g5 h5 54.gxh6 R8f2+ 55.Kh3 Rh2+ 56.Kg4 Rg2+  0-1

[Event "Linares Anibal op"]
[Site "Linares"]
[Date "1999.01.08"]
[Round "1"]
[White "Bagaturov, Giorgi"]
[Black "Shah, Pallavi G"]
[Result "0-1"]
[WhiteElo "2540"]
[BlackElo "2130"]

1.d4 Nf6 2.Nf3 g6 3.g3 Bg7 4.Bg2 O-O 5.c4 d6 6.O-O c6 7.Nc3 Qa5 8.h3 Be6
9.d5 cxd5 10.Nd4 Bd7 11.cxd5 Na6 12.a3 Rfc8 13.e4 Ne8 14.Be3 Qd8 15.Rc1 Rc4
16.Qd3 Rc7 17.b4 Nf6 18.Ndb5 Bxb5 19.Nxb5 Rxc1 20.Rxc1 b6 21.Nd4 Nc7 22.Qc4 Nce8
23.Nc6 Qd7 24.f4 Kf8 25.e5 Ng8 26.e6 Qb7 27.g4 Ngf6 28.f5 gxf5 29.g5 Ne4
30.Bxe4 fxe4 31.Qxe4 f6 32.Qxh7  0-1

[Event "BL2-N9899"]
[Site "Germany"]
[Date "1999.01.10"]
[Round "4.3"]
[White "Jasnikowski, Zbigniew"]
[Black "Penzold, Andreas"]
[Result "1-0"]
[WhiteElo "2400"]
[BlackElo "2320"]

1.d4 Nf6 2.c4 g6 3.Nf3 Bg7 4.g3 d6 5.Bg2 O-O 6.Nc3 Nc6 7.O-O a6 8.e4 Bg4
9.Be3 Nd7 10.Qd2 Bxf3 11.Bxf3 e5 12.d5 Nd4 13.Bg2 c5 14.dxc6 bxc6 15.f4 Rb8
16.f5 a5 17.Rf2 Nb6 18.b3 a4 19.Nxa4 Nxa4 20.bxa4 c5 21.Raf1 f6 22.h4 Rb4
23.Bxd4 exd4 24.fxg6 hxg6 25.e5 dxe5 26.Bd5+ Kh7 27.h5 Bh6 28.Qd3 f5 29.hxg6+ Kg7
30.Rxf5 Be3+ 31.Kg2 Rb2+ 32.Kh3 Qd7 33.Qe4 Bf4 34.Rxf4 exf4 35.Be6 Qe7 36.Rh5 Rh8
37.Rxh8 Kxh8 38.Qe5+  1-0

[Event "Linares Anibal op"]
[Site "Linares"]
[Date "1999.01.10"]
[Round "3"]
[White "Sulipa, Aleksandar"]
[Black "Shchekachev, Andrei"]
[Result "1/2-1/2"]
[WhiteElo "2415"]
[BlackElo "2560"]

1.d4 Nf6 2.c4 g6 3.Nf3 Bg7 4.g3 O-O 5.Bg2 d6 6.O-O Nc6 7.Nc3 a6 8.Re1 Rb8
9.Rb1 Re8 10.h3 Bd7 11.e4 e5 12.d5 Nd4 13.Be3 Qc8 14.Nxd4 exd4 15.Bxd4 Bxh3
16.Qd2 Qg4 17.Qd1 Bxg2 18.Kxg2 h5 19.f3 Qd7 20.Rh1 Qe7 21.Qd3 Nd7  1/2-1/2

[Event "Linares Anibal op"]
[Site "Linares"]
[Date "1999.01.12"]
[Round "5"]
[White "Maherramzade, Javad"]
[Black "Georgiev, Vladimir"]
[Result "0-1"]
[WhiteElo "2440"]
[BlackElo "2540"]

1.d4 Nf6 2.Nf3 g6 3.c4 d6 4.g3 Bg7 5.Bg2 O-O 6.Nc3 c6 7.O-O Qa5 8.h3 e5 9.e4 Nbd7
10.Re1 exd4 11.Nxd4 Ne5 12.Bf1 Re8 13.Be3 Be6 14.Nxe6 Rxe6 15.a3 Nxe4 16.Bd4 Nxc3
17.Bxc3 Qb6 18.Rc1 Rae8 19.b3 Nd7 20.Rxe6 Rxe6 21.Bxg7 Kxg7 22.Rc3 a5 23.Rd3 Qc5
24.Qa1+ Qe5 25.Qd1 Nc5 26.Re3 Qf6 27.Rxe6 Qxe6 28.b4 axb4 29.axb4 Ne4 30.Bd3 Nf6
31.Kg2 Qe5 32.Be2 d5 33.cxd5 Qxd5+ 34.Qxd5 Nxd5 35.b5 cxb5 36.Bxb5 Kf6 37.f4 Ke6
38.Kf3 Kd6 39.g4 f6 40.Bd3 Kc5 41.h4 Kd4 42.Bb5 Nc3 43.Bd7 b5 44.f5 gxf5
45.Bxf5 h6 46.Bc2 Ke5 47.Ke3 Nd5+ 48.Kf3 b4 49.Bd1 Nf4 50.Bc2 Ne6 51.Ke3 Nd4
52.Bb1 b3 53.Bd3 b2 54.Kd2 Nf3+ 55.Kc3 Nxh4 56.Kxb2 Kf4 57.Kc2 Kxg4 58.Kd2 Kg3
59.Ke1 h5 60.Kf1 Nf3 61.Ke2 h4 62.Be4 Ng5 63.Bc6 f5 64.Kf1 h3 65.Kg1 h2+  0-1

[Event "Linares Anibal op"]
[Site "Linares"]
[Date "1999.01.14"]
[Round "7"]
[White "Maherramzade, Javad"]
[Black "Watson, John L"]
[Result "1-0"]
[WhiteElo "2440"]
[BlackElo "2365"]

1.d4 Nf6 2.Nf3 g6 3.c4 Bg7 4.g3 O-O 5.Bg2 d6 6.Nc3 c6 7.O-O Na6 8.h3 Qb6
9.b3 e5 10.dxe5 dxe5 11.Be3 Qb4 12.Qc1 Nd7 13.a3 Qe7 14.b4 f5 15.Rd1 f4 16.gxf4 exf4
17.Bd4 Ne5 18.Nxe5 Bxe5 19.Ne4 Bf5 20.Bxe5 Qxe5 21.Qc3 Qxc3 22.Nxc3 Nc7 23.b5 cxb5
24.cxb5 Rae8 25.Bxb7 Bxh3 26.a4 Re5 27.Bf3 Be6 28.Rac1 Ne8 29.Ne4 Bd5 30.Rd4 Bxe4
31.Rxe4 Rxe4 32.Bxe4 Nf6 33.Bc6 Kg7 34.a5 Rb8 35.b6 a6 36.Bf3 Kh6 37.b7  1-0

[Event "NRW-Liga I 9899"]
[Site "GER"]
[Date "1999.01.20"]
[Round "5"]
[White "Krallmann, Matthias"]
[Black "Begnis, Nikolaos"]
[Result "1/2-1/2"]
[WhiteElo "2285"]
[BlackElo "2260"]

1.d4 Nf6 2.c4 g6 3.Nf3 Bg7 4.g3 O-O 5.Bg2 d6 6.O-O c6 7.Nc3 Qa5 8.e4 Qh5
9.e5 dxe5 10.Nxe5 Qxd1 11.Rxd1 Ng4 12.Bf4 Nxe5 13.Bxe5 Bxe5 14.dxe5 Be6 15.Rd4 Nd7
16.f4 Rfc8 17.Ne4 Rab8 18.Rad1 Nf8 19.Nc5 Bg4 20.R1d2 Ne6 21.Nxe6 Bxe6 22.c5 Bxa2
23.Ra4 Be6 24.Rxa7 Rd8 25.Rxb7 Rxb7 26.Rxd8+ Kg7 27.Rd2 Bf5 28.Bxc6 Rc7 29.Bg2 Rxc5
30.Kf2 f6 31.exf6+ Kxf6 32.b4 Rb5 33.Rb2 Bd7 34.Ke3 e5 35.Bf1 exf4+ 36.gxf4 Rb6
37.Kd4 Rd6+ 38.Kc5 Rc6+ 39.Kd5 Rc1 40.Ba6 Bc6+ 41.Kd4 Kf5 42.Ke3 Rc3+ 43.Kd4 Rc1
44.Rf2 Ke6 45.Bc4+ Kd6 46.b5 Bb7 47.Bd3 Rd1 48.f5 gxf5 49.Rxf5 Bc8 50.Rh5 Bg4
51.Rh6+ Ke7 52.Kc3 Rc1+ 53.Kb2 Rd1 54.Rxh7+ Kd6 55.Kc2 Kc5 56.Rc7+ Kd6 57.Rc4 Rg1
58.Kc3 Bf3 59.h4 Bd5 60.Rb4 Kc5 61.Rf4 Rh1 62.Kd2 Rh2+ 63.Be2 Be6 64.h5 Bd7
65.Ke3 Rh3+ 66.Kf2 Rh2+ 67.Kf1 Bh3+ 68.Ke1 Bd7 69.Rf6 Be8 70.h6 Bxb5 71.Bxb5 Kxb5
72.Kf1 Kc5 73.Kg1 Rh5 74.Kg2 Kd5 75.Kg3 Ke5 76.Ra6 Rh1 77.Kg4 Rg1+ 78.Kh4 Rh1+
79.Kg5 Rg1+ 80.Kh5 Kf5 81.Kh4 Rh1+ 82.Kg3 Kg5 83.Kg2 Rxh6 84.Rxh6 Kxh6  1/2-1/2

[Event "NRW-Liga II 9899"]
[Site "GER"]
[Date "1999.01.20"]
[Round "5"]
[White "Simon, Hans Christian"]
[Black "Wisskirchen, Andreas"]
[Result "0-1"]
[WhiteElo "2195"]
[BlackElo "2285"]

1.Nf3 Nf6 2.c4 d6 3.d4 g6 4.g3 Bg7 5.Bg2 O-O 6.O-O c6 7.Nc3 Nbd7 8.e4 e5
9.h3 a6 10.Be3 b5 11.dxe5 Nxe5 12.Nxe5 dxe5 13.Qc2 Be6 14.cxb5 axb5 15.Rfd1 Qa5
16.a3 Rfc8 17.b4 Qc7 18.a4 Bf8 19.Qb2 Bc4 20.axb5 cxb5 21.Nd5 Nxd5 22.exd5 Bd6
23.Bd2 Qb7 24.f4 f6 25.fxe5 fxe5 26.Bc3 Rxa1 27.Qxa1 Ra8 28.Qc1 Qb6+ 29.Kh1 Ra2
30.Qg5 Qf2 31.Rd2 Rxd2 32.Bxd2 Bf1 33.Bxf1 Qxf1+ 34.Kh2 Qf2+ 35.Kh1 Kf7 36.h4 Qf3+
37.Kg1 Qxd5 38.h5 Qd4+ 39.Kg2 Be7 40.hxg6+ hxg6 41.Qh6 Qe4+ 42.Kf2 Ke6 43.Qh7 Qd3
44.Qg8+ Kd7 45.Be3 Bxb4 46.Qb8 Bd6 47.Qb7+ Bc7 48.g4 Qc2+ 49.Kf3 Qc6+  0-1

[Event "Ubeda op"]
[Site "Ubeda"]
[Date "1999.01.28"]
[Round "9"]
[White "Maherramzade, Javad"]
[Black "Grigore, George"]
[Result "1/2-1/2"]
[WhiteElo "2440"]
[BlackElo "2475"]

1.d4 Nf6 2.Nf3 g6 3.c4 Bg7 4.g3 O-O 5.Bg2 d6 6.Nc3 c6 7.O-O Qa5 8.h3 Be6
9.Nd2 Qa6 10.d5 cxd5 11.cxd5 Bd7 12.Nb3 b5 13.a3 Qc8 14.Kh2 a5 15.e4 Ra6
16.Be3 b4 17.Ne2 e6 18.dxe6 Bxe6 19.Nf4 bxa3 20.bxa3 a4 21.Nxe6 Qxe6 22.Nd4 Qd7
23.Rb1 Ra5 24.Rb6 Rh5 25.Kg1 d5 26.Qb1 Qd8 27.g4 Re5 28.Rxb8 Qxb8 29.Qxb8 Rxb8
30.Nc6 Ree8 31.Nxb8 Rxb8 32.exd5 Bf8 33.Bf4 Rd8 34.Be5 Ne8 35.Ra1 Nd6 36.Bc3 Bg7
37.Bxg7 Kxg7 38.Rd1 Nb5 39.Rd3 g5 40.Bf1 h6 41.Be2 Kf8 42.Bd1 Ra8 43.d6 Ke8
44.Bf3 Ra6 45.Be2 Rb6 46.Re3+ Kd8 47.Bxb5 Rxb5 48.Re4 Rd5 49.Rxa4 Rxd6 50.Ra7 Ke8
51.Kg2 Rd3 52.a4 Kf8 53.Rc7 Ra3 54.Rc4 Kg7 55.f4 Ra2+ 56.Kf3 Ra3+ 57.Ke4 gxf4
58.Kxf4 Rxh3 59.Rc5 Ra3 60.a5 Kg6 61.Rc6+ f6 62.Rc5 Ra4+ 63.Kg3 Ra3+  1/2-1/2

[Event "HUN-ch (Women)"]
[Site "Lillafured"]
[Date "1999.02.03"]
[Round "3"]
[White "Goczo, Melinda"]
[Black "Decsey, Katalin"]
[Result "1-0"]
[WhiteElo "2172"]
[BlackElo "2096"]

1.d4 Nf6 2.Nf3 d6 3.c4 g6 4.g3 Bg7 5.Bg2 O-O 6.O-O c6 7.Nc3 Nbd7 8.h3 Ne8
9.e4 c5 10.Be3 Nc7 11.Qd2 cxd4 12.Nxd4 Ne5 13.b3 Nc6 14.Nc2 b6 15.Rad1 Bb7
16.Rfe1 Rc8 17.Kh2 Ne6 18.Nd5 Nc5 19.f4 a6 20.Qf2 a5 21.e5 Nb8 22.exd6 Bxd5
23.dxe7 Qxe7 24.Bxc5 Qxc5 25.Qxc5 Rxc5 26.Rxd5 Rxd5 27.Bxd5 Bf6 28.Kg2 Nd7
29.Kf3 Nc5 30.Re2 Rd8 31.Ne3 h5 32.Nc2 Kf8 33.g4 hxg4+ 34.hxg4 Bg7 35.Rd2 Bf6
36.Nd4 Bxd4 37.Rxd4 Rd7 38.Rd2 Ke7 39.Ke3 Kf8 40.Kf3 Ke7 41.Re2+ Kf8 42.g5 Rd8
43.f5 gxf5 44.Re5 Kg7 45.Rxf5 Kg6 46.Kg4 Rf8 47.Rf6+ Kg7 48.Rxb6 f5+ 49.gxf6+ Rxf6
50.Rb5  1-0

[Event "Malaga op"]
[Site "Malaga"]
[Date "1999.02.04"]
[Round "2"]
[White "Garcia Martinez, Silvino"]
[Black "Garcia Galeote, Lorenzo"]
[Result "1-0"]
[WhiteElo "2420"]
[BlackElo "2100"]

1.d4 Nf6 2.c4 g6 3.Nf3 Bg7 4.g3 O-O 5.Bg2 d6 6.O-O Nbd7 7.Nc3 c6 8.e4 e5
9.h3 Re8 10.Rb1 exd4 11.Nxd4 Nc5 12.Re1 a5 13.b3 Qc7 14.Bf4 Nfd7 15.Re2 Ne5
16.Rd2 Be6 17.Be3 Rad8 18.f4 Ned7 19.Bf2 f5 20.Nxe6 Nxe6 21.Rc1 Ndc5 22.exf5 gxf5
23.Qc2 Qf7 24.Rcd1 Qf6 25.Ne2 Bf8 26.Kh2 Qg6 27.g4 fxg4 28.Qxg6+ hxg6 29.hxg4 Be7
30.Kg3 Kf7 31.Nd4 Rg8 32.g5 Nxd4 33.Bxd4 Ne6 34.Bc3 Ra8 35.Rh1 a4 36.b4 Raf8
37.Re2 Ng7 38.Rh7 Re8 39.b5 Bf8 40.Rxe8 Kxe8 41.bxc6  1-0

[Event "Nova Gorica op"]
[Site "Nova Gorica"]
[Date "1999.02.04"]
[Round "8"]
[White "Cvitan, Ognjen"]
[Black "Tratar, Marko"]
[Result "1/2-1/2"]
[WhiteElo "2521"]
[BlackElo "2450"]

1.d4 Nf6 2.c4 g6 3.Nf3 Bg7 4.g3 O-O 5.Bg2 d6 6.O-O c6 7.Nc3 Bf5 8.b3 Ne4
9.Bb2 Nxc3 10.Bxc3 Be4 11.e3 Nd7 12.Qe2 e6 13.Rfc1 Re8 14.b4 d5 15.cxd5 cxd5
16.b5 Bf8 17.a4 Rc8 18.Bf1 Bxf3 19.Qxf3 f5 20.a5 Nf6 21.Qd1 Ne4 22.Be1 Qd7
23.f3 Nd6 24.Qb3 Rxc1 25.Rxc1 Rc8 26.Rc3 Rxc3 27.Bxc3 Qc7 28.Kf2 Kf7 29.a6 b6
30.Bd3 Be7 31.Ke2 h5 32.Be1 Qc1 33.Qc3 Qxc3 34.Bxc3 h4 35.Be1 hxg3 36.hxg3 Ke8
37.g4 Kf7 38.Bg3 Ke8 39.gxf5 gxf5 40.Bf4 Kd8  1/2-1/2

[Event "Vijnce Toth mem"]
[Site "Rio de Janeiro"]
[Date "1999.02.06"]
[Round "7"]
[White "Izeta Txabarri, Felix"]
[Black "Fernandes, Jose Costa Jr"]
[Result "1-0"]
[WhiteElo "2516"]
[BlackElo "2310"]

1.d4 Nf6 2.Nf3 g6 3.c4 Bg7 4.g3 O-O 5.Bg2 d6 6.Nc3 Nc6 7.O-O a6 8.d5 Na5
9.Nd2 c5 10.Qc2 Rb8 11.b3 b5 12.Bb2 e5 13.Rae1 Bd7 14.Nd1 bxc4 15.bxc4 Qc7
16.Bc3 Bh6 17.f4 Nh5 18.e3 f5 19.Nf2 Bg7 20.Rb1 Rfe8 21.Rxb8 Rxb8 22.Re1 Re8
23.Nd3 exf4 24.gxf4 Ba4 25.Qxa4  1-0

[Event "Oberliga Sued W9899"]
[Site "Wuertemberg"]
[Date "1999.02.07"]
[Round "6"]
[White "Born, Mario"]
[Black "Gohil, Harry"]
[Result "0-1"]
[WhiteElo "2225"]
[BlackElo "2305"]

1.d4 Nf6 2.g3 g6 3.Bg2 Bg7 4.Nf3 O-O 5.c4 d6 6.O-O Nbd7 7.Nc3 e5 8.e4 c6
9.h3 Qb6 10.dxe5 dxe5 11.Qc2 Ne8 12.b3 f6 13.Ba3 Rf7 14.Rad1 Nc5 15.b4 Ne6
16.c5 Qc7 17.Rfe1 f5 18.Bb2 f4 19.Qb3 Kh8 20.Rd2 Qe7 21.Nd5 cxd5 22.exd5 fxg3
23.dxe6 Bxe6 24.Qe3 gxf2+ 25.Rxf2 Nc7 26.Bxe5 Re8 27.Rfe2 Bxe5 28.Qxe5+ Kg8
29.Nd4 Qf8 30.Re4 Qh6 31.Qg3 Rfe7 32.Bf1 Kh8 33.Nxe6 Rxe6 34.Rxe6 Nxe6 35.Bc4 g5
36.Qg4 Ng7 37.Rxe8+ Nxe8 38.Qd7 Qg6 39.Qd4+ Qf6 40.Qe4 Qa1+ 41.Kg2 Qb2+ 42.Kg1 Qa1+
43.Kg2 Qb2+ 44.Kf3 Qc3+ 45.Qd3 Qe5 46.Qe4 Qc3+ 47.Qd3 Qf6+ 48.Kg2 Qf4 49.Qd5 Nf6
50.Qd8+ Kg7 51.Qe7+ Kh6 52.Qf8+ Kg6 53.Bd3+ Kh5 54.Be2+ g4 55.Bxg4+ Kh4 56.Qd6 Qe4+
57.Kf2 Nxg4+ 58.hxg4 Kxg4 59.Qg3+ Kf5 60.Qh3+ Ke5 61.Qa3 a6 62.Qa5 Kd4 63.a4 Kc4
64.Qb6 Qc2+ 65.Ke3 Qb3+ 66.Ke2 Qxb4 67.Qc7 h5 68.Qf7+ Kxc5 69.Qxh5+ Kb6 70.Qe8 Ka5
71.Qd7 b6 72.Qd5+ Kxa4 73.Qa2+ Qa3 74.Qc4+ Ka5 75.Qd5+ Qc5 76.Qa2+ Kb5 77.Qb3+ Kc6
78.Qe6+ Kb7 79.Qd7+ Qc7 80.Qd5+ Ka7 81.Kd3 a5 82.Qb5 Kb7 83.Qd5+ Qc6 84.Qd8 Ka6
85.Kd2 b5 86.Qd4 b4 87.Qd3+ Kb7 88.Qf5 a4 89.Qa5 b3 90.Qb4+ Ka6 91.Qf8 b2
92.Qf1+ Qb5 93.Qb1 a3 94.Kc3 Ka5 95.Kd2 Qb4+ 96.Ke3 Qb3+  0-1